RYAN'S RETINA 3 VOLUME SET (Record no. 18733)

MARC details
000 -LEADER
fixed length control field 00366nam a22001577a 4500
003 - CONTROL NUMBER IDENTIFIER
control field SGT
020 ## - INTERNATIONAL STANDARD BOOK NUMBER
International Standard Book Number 978-0-323-40197-5
082 ## - DEWEY DECIMAL CLASSIFICATION NUMBER
Classification number 617.7
Item number R18S
100 ## - MAIN ENTRY--PERSONAL NAME
Personal name SCHACHAT, ANDREW P.
245 ## - TITLE STATEMENT
Title RYAN'S RETINA 3 VOLUME SET
250 ## - EDITION STATEMENT
Edition statement 6TH
260 ## - PUBLICATION, DISTRIBUTION, ETC. (IMPRINT)
Place of publication, distribution, etc EDINBURGH
Name of publisher, distributor, etc ELSEVIER PUB
Year of Publication 2018
300 ## - PAGE DESCRIPTION
No. of Pages 859,1819,2681
650 ## - SUBJECT ADDED ENTRY--TOPICAL TERM
Topical term or geographic name as entry element OPHTHALMOLOGY
942 ## - ADDED ENTRY ELEMENTS (KOHA)
Source of classification or shelving scheme Dewey Decimal Classification
Koha item type Books
Holdings
Withdrawn status Lost status Source of classification or shelving scheme Damaged status Not for loan Collection code Home library Current library Shelving location Date acquired Vendor Name Volume Information (Serial or Books or Non-Book Material) SGTU Bill Number Total Checkouts Full call number Accession No. (Barcode) Date last seen Bill Date Koha item type
    Dewey Decimal Classification   Not For Loan MEDICAL SGT Medical Library SGT Medical Library Reference Book 03/08/2019 $-649.99 VOL-1 SGTU 11141   617.7 R18S FM11658 03/08/2019 03/07/2019 Books
    Dewey Decimal Classification   Not For Loan MEDICAL SGT Medical Library SGT Medical Library Reference Book 03/08/2019 ABC DELHI VOL-2 SGTU 11141   617.7 R18S FM11659 03/08/2019 03/07/2019 Books
    Dewey Decimal Classification   Not For Loan MEDICAL SGT Medical Library SGT Medical Library Reference Book 03/08/2019 ABC DELHI VOL-3 SGTU 11141   617.7 R18S FM11660 03/08/2019 03/07/2019 Books